Academic Promotion System and Academic Success Indicators in Slovakia

Univerzity na Slovensku - pôvod a princípy. Systém podpory akademických inštitúcií na Slovensku. Pedagogický titul "docent" a "profesor". Bibliometrické analýzy a ich hodnotenie.

Salvato in:
Dettagli Bibliografici
Autore principale: Hvizdová, Eva, ml
Natura: Capitolo di libro
Lingua:inglese
Soggetti:
Tags: Aggiungi Tag
Nessun Tag, puoi essere il primo ad aggiungerne!!

MARC

LEADER 00000nla a2200000 4500
001 0196639
005 20240502073319.8
041 0 |a eng 
044 |a SK 
245 1 0 |a Academic Promotion System and Academic Success Indicators in Slovakia  |c Eva Hvizdová 
520 |a Univerzity na Slovensku - pôvod a princípy. Systém podpory akademických inštitúcií na Slovensku. Pedagogický titul "docent" a "profesor". Bibliometrické analýzy a ich hodnotenie. 
610 2 0 |a likvidácia 
610 2 0 |a spoločnosti obchodné 
610 2 0 |a ukazovatele kvalitatívne 
610 2 0 |a univerzity 
610 2 0 |a Slovensko 
610 2 0 |a bibliometria 
610 2 0 |a analýzy 
610 2 0 |a výskum vedecký 
100 1 |a Hvizdová, Eva, ml.